000 00346 a2200145 4500
001 155440
040 _cEscola São Tomás de Aquino
100 _aMARTINELLI, Tânia Alexandre
240 1 0 _aMaioria minoria
_lpor
245 1 0 _aMaioria minoria
300 _a2016
440 1 _aEditora do Brasil
697 _a*LITERATURA INFANTO
942 _cBK
999 _c155440
_d155440